Half-Life: Dr. Breen welcoming Citizens to City 17 - Statistics

General Stats
  • This quiz has been taken 247 times
  • The average score is 55 of 79
Answer Stats
Hint Answer % Correct
17
99%
17
99%
17
99%
17
99%
City
99%
City
99%
City
99%
City
99%
to
99%
, to
99%
to
99%
to
99%
to
99%
to
99%
to
99%
to
99%
Welcome
99%
. Welcome
99%
, welcome
99%
. You
87%
you
87%
by
84%
have
84%
have
84%
been
83%
been
83%
. I
83%
I
83%
. I
83%
, or
82%
, or
82%
chosen
81%
chosen
81%
our
76%
Our
76%
relocate
71%
here
70%
here
70%
here
70%
of
70%
of
70%
on
70%
one
65%
my
63%
my
63%
the
63%
urban
62%
. It's
61%
safer
61%
finest
60%
Benefactors
59%
so
57%
so
57%
so
57%
centers
56%
are
52%
home
50%
, in
50%
remaining
50%
that
49%
stay
48%
Citadel
47%
Administration
45%
call
45%
much
45%
thought
45%
provided
43%
. And
42%
unknown
42%
, whether
42%
proud
41%
elected
40%
establish
40%
passing
40%
your
40%
parts
39%
thoughtfully
39%
through
38%
way
36%
No matching quizzes found
Score Distribution
Percent of People with Each Score
Percentile by Number Answered
Your Score History
You have not taken this quiz